000 00637nam a22002297a 4500
003 BPGM
005 20260627225216.0
008 260627b mx ||||| |||| 00| 0 spa d
040 _aBPGM
_bspa
041 _aSPA
_hSPA
082 0 4 _a510
_bO
100 _aOCHOA CRUZ RITA
_eAUTOR
245 _aMATEMATICAS I
_bALGEBRA
260 _aQUERETARO
_bESCUELA DE BACHILLERES UNIVRSIDAD AUTONOMA DE QUERETARO
300 _a17
_c21.3 cm x 14 cm
336 _2rdacontent
_atexto
_btxt
337 _2rdamedia
_asin mediación
_bn
338 _2rdacarrier
_avolumen
_bnc
490 0 _aMATEMATICAS
_vV.1
650 _aMATEMATICAS
942 _2ddc
_cCOLQ
999 _c68706
_d68706